000 00975cas a22002295a 4500
001 L142358
008 080208c xxkqr w ss 0 a0eng d
035 _a(Sirsi) u142358
041 0 _aeng
050 _a333.337 $2 18
110 2 _aJones Lang LaSalle
_93755
245 0 0 _aAsia Pacific Property Digest (Industrial)
_h[electronic resource]
260 _a[S.l.]
_bJLL
_c[200-?]-
510 2 _aKnowledge Alert
_c2006-
520 _aThis publication reports on market updates. It seeks to identify trends in the real estate sectors across key Asia Pacific markets, including the office, retail, residential and industrial sectors.
554 _aFour per year
650 2 4 _aJONES LANG LASALLE ASIA PACIFIC PROPERTY DIGEST
651 4 _aAsia Pacific
690 _aPROPERTY-COMMERCIAL PROPERTY-COMMERCIAL PROPERTY MARKET
856 4 0 _uhttps://www.joneslanglasalle.com /
_zView the report free of charge (may require registration) at www.joneslanglasalle.com...
942 _n0
999 _c119162
_d119162